10 największych wsi w Polsce - Statystyki

Ogólne statystyki
  • Ten quiz został rozwiązany 10 razy
  • Średni wynik to 2 z 10
Statystyki odpowiedzi
Powiat Ludność Wieś % Poprawnych
bielski 13 098 Kozy
70%
piaseczyński 14 806 Józefosław
30%
poznański 11 598 Koziegłowy
30%
kartuski 9 806 Banino
20%
gdański 10 816 Straszyn
20%
legionowski 10 981 Jabłonna
10%
wrocławski 10 569 Kiełczów
10%
poznański 10 996 Komorniki
10%
poznański 14 160 Plewiska
10%
wejherowski 9 780 Bolszewo
0%
Nie znaleziono quizów pasujących do podanych kryteriów
Rozkład punktacji
Procent ludzi z każdym wynikiem
Percentyl według liczby udzielonych odpowiedzi
Twoja historia wyników
Nie rozwiązałeś tego quizu